Statistical Techniques in Business and Economics

Spremljeno u:
Bibliografski detalji
Glavni autor: Lind , Douglas
Format: Knjiga
Jezik:English
Izdano: McGraw Hill Companies Inc 2008
Teme:
Oznake: Dodaj oznaku
Bez oznaka, Budi prvi tko označuje ovaj zapis!
Thư viện lưu trữ: Mạng thư viện Đại học Đà Nẵng
LEADER 00945nam a22002651a 4500
001 000034818
003 11033
005 20151027134509.0
008 151027s2008 000 eng
020 |a 9780073030228 
041 |a eng 
082 |a 420.33  |b LI-D 
100 |a Lind , Douglas 
245 |a Statistical Techniques in Business and Economics  |c Douglas A.Lind 
260 |a McGraw Hill Companies Inc  |c 2008 
300 |a 829p. : ill ; 25cm 
650 |a Statistical Techniques in Business and Economics, Business, Marketing, Economic 
OWN |a LNN 
AVA |a UDN50  |b LNN  |d 420.33 LI-D  |e available  |t Error 5001 Not defined in file expand_doc_bib_avail.  |f 2  |g 0  |h N  |i 0  |k 1 
999 |a From the UDN01 
AVA |a UDN50  |b LNN  |d 420.33 LI-D  |e available  |t Error 5001 Not defined in file expand_doc_bib_avail.  |f 2  |g 0  |h N  |i 0  |k 1 
TYP |a Monograph 
980 |a Mạng thư viện Đại học Đà Nẵng